000 00289nam a22001337a 4500
008 180307b xxu||||| |||| 00| 0 eng d
020 _a9781400047925
041 _aeng
080 _a316
100 _a50
101 _aSOC
245 _aQueen bees& wannabes
_cWiseman,R
942 _2udc
_cBK
999 _c44254
_d44254